Welcome to CU Library Online Public Access Catalogue (OPAC)

Early childhood curriculum : (Record no. 5083)

MARC details
000 -LEADER
fixed length control field 00791cam a2200241 a 4500
001 - CONTROL NUMBER
control field 12661999
005 - DATE AND TIME OF LATEST TRANSACTION
control field 20250322112623.0
008 - FIXED-LENGTH DATA ELEMENTS--GENERAL INFORMATION
fixed length control field 020130s2003 njua b 001 0 eng
020 ## - INTERNATIONAL STANDARD BOOK NUMBER
International Standard Book Number 0130968544
020 ## - INTERNATIONAL STANDARD BOOK NUMBER
International Standard Book Number 9780130968548
050 00 - LIBRARY OF CONGRESS CALL NUMBER
Classification number LB1139.4
Item number .C38 2003
082 00 - DEWEY DECIMAL CLASSIFICATION NUMBER
Classification number 372.19
Edition information 21
100 1# - MAIN ENTRY--PERSONAL NAME
Personal name Catron, Carol Elaine.
245 10 - TITLE STATEMENT
Title Early childhood curriculum :
Remainder of title a creative-play model /
Statement of responsibility, etc. Carol E. Catron, Jan Allen.
250 ## - EDITION STATEMENT
Edition statement 3rd ed.
260 ## - PUBLICATION, DISTRIBUTION, ETC.
Place of publication, distribution, etc. Upper Saddle River, N.J. :
Name of publisher, distributor, etc. Merrill/Prentice Hall,
Date of publication, distribution, etc. 2003.
300 ## - PHYSICAL DESCRIPTION
Extent xiv, 416 p. :
Other physical details ill. ;
Dimensions 28 cm.
650 #0 - SUBJECT ADDED ENTRY--TOPICAL TERM
Topical term or geographic name entry element Early childhood education
General subdivision Curricula
Geographic subdivision United States.
650 #0 - SUBJECT ADDED ENTRY--TOPICAL TERM
Topical term or geographic name entry element Creative activities and seat work.
650 #0 - SUBJECT ADDED ENTRY--TOPICAL TERM
Topical term or geographic name entry element Child development
Geographic subdivision United States.
700 1# - ADDED ENTRY--PERSONAL NAME
Personal name Allen, Jan.
942 ## - ADDED ENTRY ELEMENTS (KOHA)
Source of classification or shelving scheme Library of Congress Classification
Koha item type Books
Edition 3rd Ed.
Suppress in OPAC No
999 ## -
-- 5083
-- 5083
Holdings
Withdrawn status Lost status Source of classification or shelving scheme Damaged status Not for loan Collection Home library Current library Shelving location Date acquired Total checkouts Full call number Barcode Date last seen Copy number Price effective from Koha item type
    Library of Congress Classification     Non-fiction Business Library (Miotso) Business Library (Miotso) General stacks 03/22/2025   LB1139.4 .C38 2003 BSSM00001519 03/22/2025 1 03/22/2025 Books
© 2023-2024 Copyright: Central University Libraries. All Rights Reserved | Created by: Mahone Tech Office